Score 0/20 Timer 04:00
2 Plays Today
Question Answer Wrong Answers
to separate into parts break
95.4%
brake
1.7%
a stringed instrument lute
95.1%
loot
2.1%
an inexpensive lodging facility hostel
95.1%
hostile
2%
to make different alter
94.7%
altar
2.4%
a waiting line queue
94.5%
cue
2.6%
a small seedless raisin currant
93.9%
current
3.3%
consisting of two parts dual
90.7%
duel
6.5%
as opposed to; in contrast to versus
90.5%
verses
6.6%
advice, guidance counsel
90.2%
council
6.9%
a passage aisle
89.2%
isle
7.9%
relating to the ear or the sense of hearing aural
88.2%
oral
9%
a glutton; someone who likes food, but eats greedily gourmand
87.2%
gourmet
9.8%
to agree to something assent
87%
ascent
10.2%
a building in which a legislature meets capitol
85.3%
capital
11.7%
a complete amount complement
85.2%
compliment
12%
a machine for smoothing cloth or paper calender
84.4%
calendar
12.7%
an official reprimand censure
84.4%
censor
12.7%
a Buddhist priest lama
79.7%
llama
17.4%
a vast crowd horde
79.7%
hoard
17.6%
to make uneasy or confused discomfit
40.5%
discomfort
56.7%
Remove Ads.
Support Sporcle.
Get the best of Sporcle when you Go Orange. This ad-free experience offers more features, more stats, and more fun while also helping to support Sporcle. Thank you for becoming a member.

You're not logged in!

Compare scores with friends on all Sporcle quizzes.
OR
Log In

Show Comments

Extras

Top Quizzes Today


Score Distribution

Your Account Isn't Verified!

In order to create a playlist on Sporcle, you need to verify the email address you used during registration. Go to your Sporcle Settings to finish the process.

Report this User

Report this user for behavior that violates our Community Guidelines.

Details: